000 01040cam a2200301 i 4500
001 17642239
005 20170105102934.0
008 130301s2013 pk b 000 0 eng
010 _a 2013344257
020 _a9789699645181
025 _aP-E-2013344257; 28
037 _bLibrary of Congress -- Islamabad Overseas Office
_cRs 500
040 _aDLC
_beng
_cDLC
_erda
042 _alcode
_apcc
043 _aa-pk---
050 0 0 _aDS392.2.K3
_bZ53 2013
082 _a954.9183
_bZIA 2013
100 0 _aZia Ur Rehman
_c(Journalist)
245 1 0 _aKarachi in turmoil /
_cZia Ur Rehman.
300 _a101 pages ;
_c23 cm
504 _aIncludes bibliographical references (pages 93-101).
650 0 _aPolitical violence
_zPakistan
_zKarachi.
650 0 _aEthnicity
_xPolitical aspects
_zPakistan
_zKarachi.
651 0 _aKarachi (Pakistan)
_xPolitics and government.
906 _a7
_bcbc
_corigode
_d3
_encip
_f20
_gy-gencatlg
942 _2ddc
_cBK
999 _c16156
_d16156